Statystyki dla Strzelcy bramek w 31 kolejce Premier League w sezonie 20/21.

Kliknij tutaj aby rozwiązać quiz!

Ogólne statystyki

  • Ten quiz został rozwiązany 22 razy
  • Średni wynik to 16 z 30

Statystyki odpowiedzi

MeczPiłkarz% Poprawnych
Liverpool - Aston Villa 1:1Salah
95%
Tottenham - Manchester United 1:0Son
86%
Crystal Palace - Chelsea 0:1Havertz
81%
Crystal Palace - Chelsea 1:4Pulisic
76%
Crystal Palace - Chelsea 0:2Pulisic
76%
Tottenham - Manchester United 1:2Cavani
71%
Fulham - Wolves 0:1Traore
67%
Tottenham - Manchester United 1:3Greenwood
62%
Sheffield United - Arsenal 0:1Lacazette
62%
Sheffield United - Arsenal 0:3Lacazette
62%
Liverpool - Aston Villa 0:1Watkins
62%
Liverpool - Aston Villa 2:1Alexander-Arnold
52%
West Ham - Leicester 3:1Iheanacho
52%
West Ham - Leicester 3:2Iheanacho
52%
West Brom - Southampton 1:0Pereira
52%
Manchester City - Leeds 1:2Dallas
48%
Manchester City - Leeds 0:1Dallas
48%
Tottenham - Manchester United 1:1Fred
48%
West Ham - Leicester 1:0Lingard
48%
West Ham - Leicester 2:0Lingard
48%
Manchester City - Leeds 1:1Torres
48%
Crystal Palace - Chelsea 1:3Benteke
43%
Burnley - Newcastle 1:2Saint-Maximin
43%
Crystal Palace - Chelsea 0:3Zouma
43%
West Ham - Leicester 3:0Bowen
38%
Sheffield United - Arsenal 0:2Martinelli
38%
West Brom - Southampton 2:0Phillips
33%
West Brom - Southampton 3:0Robinson
29%
Burnley - Newcastle 1:0Vydra
19%
Burnley - Newcastle 1:1Murphy
14%

Rozkład punktacji

Percentyl według liczby udzielonych odpowiedzi

Procent ludzi z każdym wynikiem

Twoja historia wyników

Nie rozwiązałeś tego quizu